000 00549nam a2200205Ia 4500
003 IIN
005 20250521124144.0
008 231217s9999 xx 000 0 und d
020 _cRs.795.00
_a9789352706914
040 _aIIN
_bEnglish
082 _a362.10425
_bMAI
100 1 _aMaiti, Prithwiraj
245 2 _aAn Ultimate Guide to Community Medicine/
_cPrithwiraj Maiti
250 _a3rd ed
260 _aNew Delhi
_bJaypee
_c2019
300 _axvii, 633 p.
650 1 _aCommunity Health Nursing
650 1 _aMedicine. Community
942 _cBOOK
999 _c51
_d51